000 00635nam a2200217Ia 4500
005 20241129111228.0
008 241129s9999||||xx |||||||||||||| ||und||
020 _a978-1-66692-216-5
037 _aTB
040 _aCRL
_beng
_cCRL
041 _aeng
_2eng
084 _aV95 R3
_qCRL
100 _aEsler Joshua Ed.; Fielding Mark Ed.
_9723735
245 0 _aIndian ocean imaginings: people time and space
_cEsler Joshua Ed.; Fielding Mark Ed.
260 _aLanham, Maryland
_bLanham Lexington
_c2023
300 _avi,267p.
365 _aUKP
_b85
650 _a History
942 _cTB
_hV95 R3
999 _c1229483
_d1229483